Database System Concepts 7/e

Shranjeno v:
Bibliografske podrobnosti
Glavni avtor: Silberschatz
Format: Knjiga
Izdano: MGH
Oznake: Označite
Brez oznak, prvi označite!

MARC

LEADER 00000nam a2200000Ia 4500
005 20260513122053.0
020 |a 9789390727506 
100 |a Silberschatz 
365 |c Rs. 
365 |b 20.00 
942 |c BK 
245 |a Database System Concepts 7/e 
260 |b MGH 
999 |c 101  |d 101 
952 |0 0  |1 0  |4 0  |7 0  |a UNSW  |b UNSW  |d 2026-04-29  |g 1260.00  |i 16671  |l 6  |m 1  |p 000001  |r 2026-05-20 09:37:00  |s 2026-05-20  |v 1260.00  |w 2026-05-13  |y BK 
952 |0 0  |1 0  |4 0  |7 0  |a UNSW  |b UNSW  |d 2026-04-29  |g 1260.00  |i 16670  |l 0  |p 000028  |r 2026-05-13 12:20:54  |v 1260.00  |w 2026-05-13  |y BK